Score 0/20 Timer 02:00
3 Plays Today
Hint Word % Correct
⋆ Prison room ⋆⋆ CELL ⋆
98.7%
Lucifer's homeHELL
98.2%
Corridor in a houseHALL
98.2%
Icy rainHAIL
98.2%
Solid to liquidMELT
97%
StopHALT
95.9%
Breath freshnerMINT
95.3%
ClueHINT
95.2%
Barley used for whiskyMALT
95%
⋆ Short term prison ⋆⋆ JAIL ⋆
94.5%
Hint Word % Correct
Fourth planet from the SunMARS
94.4%
Scottish, Irish or Welsh, e.g.CELT
93.8%
Dig for gemsMINE
93.8%
No speaking, only movingMIME
92.5%
Female horseMARE
92.4%
Sword handleHILT
91.7%
⋆ Prison sentence length ⋆⋆ TIME ⋆
90.8%
Rubber wheel covering (US)TIRE
88.3%
SwampMIRE
86.2%
⋆ Put behind.... ⋆⋆ BARS ⋆
74.1%

Today's Daily Dose

You're not logged in!

Compare scores with friends on all Sporcle quizzes.
OR
Log In

Sporcle TV

Today on Sporcle TV


Watch our educational content, quiz creation guides, and fun videos on Sporcle TV.

Show Comments

Extras

Top Quizzes Today


Score Distribution

Paid Content

Your Account Isn't Verified!

In order to create a playlist on Sporcle, you need to verify the email address you used during registration. Go to your Sporcle Settings to finish the process.

Report this User

Report this user for behavior that violates our Community Guidelines.

Details: